000
00341nam a2200133Ia 4500
008
100328s9999 xx 000 0 und d
082
_b
46712
100
_a
वैद्य अनुराधा
245
_a
प्रवाह
260
_b
गौरी
630
_a
प्रवाह
730
_a
प्रवाह
942
_c
BOOK
999
_c
534642
_d
534639